=LDR 00000nam 2200000 4500 =001 INLIS000000000044148 =005 20131008105102 =008 ***********************************ind** =035 ##$$0010-101300000002070 =041 ##$$a ind =082 ##$$a 819.9 =090 ##$$a 819.9, Mar k =100 ##$$a Maryani, Ani =245 ##$$a keluarga Mas Marta Menggala, Ani Maryani =260 ##$$a 2006 $b Jakarta =300 ##$$a vi, 82 hlm., ilus., 21 cm =650 ##$$a Sastra Melayu =650 ##$$a Jakarta =850 ##$$a NBPNMAT